| 000 | 00598cab a2200229 4500 | ||
|---|---|---|---|
| 001 | ABS49921 | ||
| 008 | 090401t1994 xxu||||| |||| 00| 0 eng d | ||
| 035 | _a(Sirsi) u73346 | ||
| 041 | _aeng | ||
| 110 |
_aAnthony Williams and Partners _93 |
||
| 245 | _aFlats in Victoria | ||
| 260 | _c1994 | ||
| 350 | _a0 | ||
| 490 |
_aBuilding _v259(7827) 21 January 1994, 35-42(6) |
||
| 650 | _aBUILT ENVIRONMENT-BUILDING COSTS | ||
| 650 | _aCOST ANALYSIS | ||
| 650 | _aFLATS | ||
| 650 | _aHOUSING ASSOCIATIONS | ||
| 690 | _aBUILDING AND CONSTRUCTION-PROJECTS | ||
| 942 | _n0 | ||
| 948 | _c04/03/1997 | ||
| 999 |
_c46383 _d46383 |
||